000 00452cam a22001934a 4500
005 20250605164202.0
008 250528s ||||||||||||||||||||||||d
035 _a19753
020 _a1870941616
040 _aGR-AtMCL
_bgre
_dGR-AtMCL
_eAACR2
245 1 _aREFRESHER IN BASIC MATHEMATICS
250 _a2
260 _bDp Publications Ltd,
_c1994
300 _a98
700 1 _aRowe R.N
_94740
942 _cBK
999 _c5009
_d5009